| 000 | 00668cab a2200229 4500 | ||
|---|---|---|---|
| 001 | WB3040-24 | ||
| 008 | 090401t1994 xxu||||| |||| 00| 0 eng d | ||
| 035 | _a(Sirsi) u75649 | ||
| 041 | _aeng | ||
| 245 | _aInvestment in China and India | ||
| 260 | _c1994 | ||
| 350 | _a0 | ||
| 490 |
_aDaily Telegraph _v26 October 1994, 25(1) |
||
| 520 | _aA survey by Ernst & Young highlights China and India as investment priorities for British companies in emerging markets. | ||
| 650 | _aCHINA | ||
| 650 | _aEMERGING MARKETS | ||
| 650 | _aERNST & YOUNG | ||
| 650 | _aINDIA | ||
| 690 | _aPROPERTY-PROPERTY FINANCE AND INVESTMENT | ||
| 942 | _n0 | ||
| 948 | _c04/03/1997 | ||
| 999 |
_c47586 _d47586 |
||